00457nam a2200145Ia 4500008004100000040001800041041000800059110004200067245007000109260004900179300001800228650001900246650001800265650002800283130821s1989 ck gr spa  aCo-BoUCMbspa00aspa aEscuela Judicial Rodrigo Lara Bonilla00aManual de criminalísticacEscuela Judicial Rodrigo Lara Bonilla aBogotá (Colombia)bImprenta Nacionalc1989 a251 páginas04aCriminología04aDerecho penal04aDerecho penalzColombia